| 000 | 00615nam a2200217Ia 4500 | ||
|---|---|---|---|
| 003 | 0100 | ||
| 005 | 20160913122745.0 | ||
| 008 | 130303s9999 xx 000 0 und d | ||
| 020 | _a0802800941 | ||
| 040 | _cARRUPELIB | ||
| 050 | _aBS500.G85 1985 | ||
| 245 | 2 | _aA guide to contemporary hermeneutics | |
| 245 | _bmajor trends in Biblical interpretation | ||
| 260 | _aMichigan | ||
| 260 | _bWilliam B, Eerdmans | ||
| 300 | _axx | ||
| 300 | _b 385p. 22cm. | ||
| 650 |
_aBible _vCriticism,interpretation _xHistory _y20th century _925742 |
||
| 700 |
_aMcKim, Donald K (ed.) _925743 |
||
| 942 |
_2lcc _01 _cMONOGRAPH |
||
| 999 |
_c66378 _d66378 |
||